| 000 | 00584nam a22001817a 4500 | ||
|---|---|---|---|
| 999 |
_c14485 _d14485 |
||
| 003 | AR-CdUCM | ||
| 008 | 190423b ||||| |||| 00| 0 spa d | ||
| 040 |
_aMUNICIPALIDAD PROVINCIAL DEL CUSCO _cBIBLIOTECA MUNICIPAL DEL CUSCO |
||
| 082 |
_aPI / 376.1 / _bC73 |
||
| 245 | _aCucú, ¿qué ves? el mar / | ||
| 300 |
_a8 paginas ; _bIlustraciones, _c19 cm. _eEspejo. |
||
| 500 | _aNota : Objeto Libro | ||
| 650 |
_aCuento con imágenes _933290 |
||
| 650 |
_aCuentos para niños (as) _933191 |
||
| 650 |
_aCuento sobre el mar _933291 |
||
| 942 |
_2ddc _cLIBROS |
||
| 945 |
_awnts _d2019-04-23 |
||